Easy capitals quiz - Statistics

General Stats
  • This quiz has been taken 105 times
  • The average score is 9 of 15
Answer Stats
Hint Answer % Correct
France Paris
95%
Germany Berlin
93%
United Kingdom London
93%
Italy Rome
91%
United States Washington
79%
Greece Athens
74%
Denmark Copenhagen
70%
Brazil Brasília
67%
Egypt Cairo
58%
Russia Moscow
47%
China Beijing
42%
India New Delhi
32%
Israel Jerusalem
18%
Norway Oslo
16%
Sweden Stockholm
16%
No matching quizzes found
Score Distribution
Percent of People with Each Score
Percentile by Number Answered
Your Score History
You have not taken this quiz